MDQL
is popping MORE tags! Check the
thread
!
Quizzes
Events
Quiz Creation
Community
Videos
Private Events
Remove Ads
Sign In
Join for FREE
Feedback
Dark Mode
Quiz Categories
Sports
Geography
Music
Movies
Television
Just For Fun
Miscellaneous
History
Literature
Language
Science
Gaming
Entertainment
Religion
Holiday
For Kids
Quiz Lab
Recent
Popular Today
Quiz Kudos Today
Editor Picks
Curator Picks
Quizzes by...
Day
Popularity
Type
Ratings
Length
Year
Community
Subscriptions
Recent Discussions
Orange Saloon
Badges
Playlists
Quests
Create
Leaderboards
Showdown
Live 5
Trivia Bingo
Activity
Puzzle Library
Sporcle Events
Private Events
Virtual Trivia
Globe League
Become a Host
Pub Owners
SporcleCon
Opinionation
Our Games
Videos
Blog
Mobile Apps
Partnerships
Remove Ads and Go Orange
Feedback
Geography
Country
Landmarks
City
State
Population
World
Capital
Continent
Flags
Europe
Africa
Asia
South America
North America
Oceania
Border
Canada
United Kingdom
Topography
United States
Geography
Country
Landmarks
City
State
Population
World
Capital
Continent
Flags
Europe
Africa
Asia
South America
North America
Oceania
Border
Canada
United Kingdom
Topography
United States
Random Quiz
Search Sporcle
×
Quiz Lab
Quiz Lab
Geography
Country
Type in answers that appear in a list
Type in answers that appear in a list
Classic
Best Score? Go Orange.
Guess the country pattern Stats
Can you name the guess the country pattern?
By
deco
10m
60 Questions
165 Plays
165 Plays
165 Plays
Comments
Comments
Give Quiz Kudos
Give Quiz Kudos
-
- Ratings
hide this ad
More Info
Replay
Link that replays current quiz
Next Quiz
Link to next quiz in quiz playlist
You Got
0%
They Got
Avg Score
57%
Avg Friend Score
Upgrade to see
Score Distribution
Jump to the score distribution portion of the page
Score
0/60
Timer
10:00
0
Plays Today
Continent
Country
% Correct
North America
Canada
85.5%
Asia
China
82.4%
North America
USA
81.8%
North America
Mexico
81.2%
Asia
Russia
76.4%
South America
Brazil
73.3%
Asia
India
69.7%
South America
Peru
69.7%
South America
Chile
69.7%
North America
Panama
69.7%
South America
Paraguay
66.7%
South America
Uruguay
66.1%
South America
Colombia
64.8%
South America
Venezuela
63.6%
South America
Ecuador
62.4%
North America
Guatemala
62.4%
South America
Guyana
61.8%
North America
Honduras
61.8%
North America
Belize
61.8%
North America
Nicaragua
60%
South America
Suriname
59.4%
Asia
Indonesia
58.2%
Asia
Mongolia
58.2%
North America
El salvador
58.2%
North America
Costa rica
58.2%
Africa
Chad
57.6%
Asia
Iran
57.6%
Africa
Algeria
57%
Asia
Kazakhstan
56.4%
Oceania
Palau
56.4%
Continent
Country
% Correct
Asia
Pakistan
55.2%
Oceania
Nauru
54.5%
Africa
Cameroon
53.9%
Asia
Saudi Arabia
53.9%
Europe
Luxembourg
53.9%
Oceania
Vanuatu
53.9%
Africa
Angola
52.7%
Europe
Monaco
52.7%
Europe
Liechtenstein
52.7%
Europe
Andorra
52.7%
Oceania
Micronesia
52.7%
Europe
Vatican City
52.1%
Oceania
Solomon islands
52.1%
Oceania
Tuvalu
52.1%
Europe
San marino
51.5%
Oceania
Samoa
51.5%
Oceania
Marshall islands
51.5%
Oceania
Kiribati
49.7%
Asia
Turkey
49.1%
Europe
Malta
49.1%
Africa
Benin
48.5%
Europe
Cyprus
48.5%
Europe
Kosovo
48.5%
Oceania
Tonga
48.5%
Africa
Botswana
47.9%
Africa
Central African Republic
47.3%
Africa
Burundi
46.1%
Europe
Montenegro
42.4%
Africa
Burkina faso
41.8%
Africa
Cape verde
39.4%
Quiz Playlist
Details
Report
Send in Message
Add To Playlist
More Info:
Each continent has a different pattern of countries to it,when you get the first clue you may get an idea what the rest are
Classic:
Type in answers that appear in a list
Last Updated: Feb 16, 2017
Quiz Scoreboard
CHALLENGE
Sign Up to Join the Scoreboard
Show All
Scores
Hide
Comments
May contain spoilers
Recently Published
Colored Red Africa Blitz
by spor1
Geography
30s
Find the 'City' Movie
by crazypaving
Movies
60s
5x2 Blitz: Bands
by SL_Kpop136
Music
30s
More to Explore
Quiz From the Vault
Featured Blog Post
14 Easter Pick-up Lines to Find Eggs With
hide this ad
You Might Also Like...
Tags
Continent Quiz
Country Quiz
Pattern
Today's Top Quizzes in Geography
Browse Geography
hide this ad
Today's Top Quizzes in Country
Browse Country
Top Contributed Quizzes in Geography
1
Countries of the World - No Outlines Minefield
2
Colored Red Europe Blitz I
3
Colored Red Africa Blitz II
4
Colored Red Europe Blitz II
5
Colored Red Africa Blitz III
6
Colored Red Europe Blitz III
7
African Flag Reveal XLVI
8
Colored Red States Blitz I
9
Colored Red States Blitz II
10
Colored Red States Blitz III
Explore More
Trending Topics
Anime
Crossword
Harry Potter
NBA
Kpop
Marvel
Disney
Pokémon
The Office
Country
WWE
Puzzle
NFL
Song
Soccer
hide this ad
More By:
deco
Quiz
Plays
Rating
Category
Featured
Created
10 most visited countries per continent
7,953
3.14
Geography
Sep 3, 2010
WWE Wrestlemania 28 participants
6,972
1.86
Sports
Mar 29, 2012
Countries of the eurovision song contest 2011
748
2.43
Geography
May 14, 2011
WWE Superstars...which one?
537
1.36
Sports
Dec 23, 2010
country wordsearch
484
1.25
Just For Fun
May 18, 2010
Go to Creator's Profile
Score Distribution
Quiz Creator Spotlight
deco
Follow
Send a Message
Quizzes Created
-
Created Quiz Play Count
-
More By This Creator
Popular Quizzes Today
1
Find the 'City' Movie
2
Colored Red Africa Blitz
3
Find the US States - No Outlines Minefield
4
5x2 Blitz: Bands
5
The Countries of the World
6
Find the US States
7
US States
8
9x9 Crossword: Cartoon Network
More Geography Quizzes
The Capitals of Spanish Speaking Countries
Quiz Lab
Trending Quizzes
Colored Red Europe Blitz I
Colored Red Africa Blitz II
Colored Red Europe Blitz II
Colored Red Africa Blitz III
Colored Red Europe Blitz III
Recently Updated
2024 March Madness Bracket
pecheneg
Famous TV Couples
Peacemaker
Champions League XIs: Real Madrid
pecheneg
Largest US Cities 1790-2010
pecheneg
Rides in Walt Disney World
pecheneg
Most Oscar Losses (Acting)
pecheneg
Beyoncé Albums
pecheneg
Leaping Animals
pecheneg
Reality TV Shows (A-Z)
bhenderson79
Rickey Henderson's Hall of Fame Teammates
pecheneg
Trending Topics
Disney
Crossword
Marvel
NBA
Kpop
Anime
Harry Potter
The Office
NFL
Soccer
Puzzle
Song
Pokémon
WWE
Country
Your Account Isn't Verified!
In order to create a playlist on Sporcle, you need to verify the email address you used during registration. Go to your
Sporcle Settings
to finish the process.
Report this User
Report this user for behavior that violates our
Community Guidelines
.
Details:
Send Report
Go to the Sporcle.com Mobile Site →
Comments